Temas de análisis funcional /
Guardado en:
| Autor Principal: | |
|---|---|
| Formato: | Libro |
| Idioma: | Spanish |
| Publicado: |
Buenos Aires, Argentina :
Departamento de Matemática, Facultad de Ciencias Exactas y Naturales, Universidad de Buenos Aires,
1989.
|
| Series: | Cursos y seminarios de matemática ;
fasc. 35 |
| Materias: | |
| Etiquetas: |
Agregar Etiqueta
Sin Etiquetas, Sea el primero en etiquetar este registro!
|
| LEADER | 00790nam a2200205 a 4500 | ||
|---|---|---|---|
| 001 | MAT.inmabb006001 | ||
| 008 | 891213s1989####ag#a#####b####000#0#spa#c | ||
| 005 | 20130304175536.0 | ||
| 245 | 1 | 0 | |a Temas de análisis funcional / |c Horacio Porta. |
| 260 | |a Buenos Aires, Argentina : |b Departamento de Matemática, Facultad de Ciencias Exactas y Naturales, Universidad de Buenos Aires, |c 1989. | ||
| 300 | |a [79] p. : |b il. ; |c 28 cm. | ||
| 440 | 0 | |a Cursos y seminarios de matemática ; |v fasc. 35 | |
| 500 | |a "Notas de un curso dictado en julio-agosto de 1987." | ||
| 504 | |a Incluye referencias bibliográficas (p. [74-79]). | ||
| 100 | 1 | |a Porta, Horacio. | |
| 650 | 0 | |a Functional analysis. | |
| 084 | |a 46 |2 msc2000 | ||
| 010 | |a 89216044 | ||
| 040 | |a MiU |c MiU | ||
| 859 | |h 46 |i P839 |p A-6274 |b BIB. MATEMATICA | ||
